Electromagnetic fields and waves

Saved in:
Bibliografiske detaljer
Hovedforfatter: Langmuir, Robert V (Author)
Format: Bog
Sprog:engelsk
Udgivet: Nueva York McGraw Hill 1961
Serier:McGraw Hill Series in Engineering Sciences
Fag:
Tags: Tilføj Tag
Ingen Tags, Vær først til at tagge denne postø!

MARC

LEADER 00000nam a2200000 a 4500
001 UCL2730
003 CL-VaPUC
008 031107e19610000US |||||||||||||||||eng|d
082 0 4 |a 538.3  |b LAN  |2 21 
100 0 |a Langmuir, Robert V  |e author  |9 479829 
245 1 0 |a Electromagnetic fields and waves 
300 |a 227 p 
942 |c BK 
945 |d 20031107 00:00:00  |a vberengu 
260 |a Nueva York  |b McGraw Hill  |c 1961 
650 0 |a Electromagnetismo   |9 260123 
650 0 |a Electricidad  |9 260222 
583 |a last modification  |c 20031107 00:00:00  |k Rodrigo Vera 
490 0 |a McGraw Hill Series in Engineering Sciences 
999 |c 305937  |d 305935